000 00996nam a2200265Ia 4500
003 OSt
005 20221005111905.0
006 a|||||r|||| 00| 0
007 ta
008 221004b |||||||| |||| 00| 0 san d
020 _c500
024 _a13740
037 _b693/1, 28/02/2014, Vidyanidhi Prakashan
_cTextual
040 _aCRL
_cCRL
_bsan
041 _2san
_asan
082 _aDelta2:864xKSO, 15Q4
100 _aश्रीपह्मनाभिसोमयाजि
_9623839
245 0 _aजातकादेशमार्गः
246 _aJātakādeshamārgah
260 _aवाराणसी
_bचौखम्बा भारत
_c2014
300 _a334पृ0
_ccm.
650 _aआध्यात्मिक अनुभव और रहस्यवाद
942 _hDelta2:864xKSO, 15Q4
_cTEXL
_2cc
999 _c1023212
_d1023212